000 00546nam a2200169 i 4500
001 99306
003 ES-MaACL
005 20251018063058.0
007 t|
008 050906m19421943sp ||||1| spa d
100 1 _aMartín Lagos, Francisco,
_d1897-1972
_977533
245 1 0 _aLecciones de Fisiopatología y Clínica quirúrgica /
_cFrancisco Martín Lagos.
260 _aBarcelona :
_bEditorial Científico-Médica,
_c1942-43.
300 _a4 v. :
_bil. ;
_c26 cm.
852 _aES-MaACL
_jC-5237-40
_bR.20212
999 _c99306
_d99306